000 01002nam a2200277Ia 4500
003 GCL
008 140319s9999 xx 000 0 ara d
040 _aGCL /
_cGCL
082 0 4 _a953.01
_bح ح
100 1 _aحسين الحاج حسن
245 1 0 _aحضارة العرب فى عصر الجاهلية /
_cحسين الحاج حسن
250 _aالاولى
260 _aبيروت :
_bالمؤسسة الجامعية للدراسات والنشر والتوزيع ،
_c1984
300 _a214 ص ؛
_c24 سم
650 0 4 _aالعصر الجاهلى
650 0 4 _aالعالم العربى
650 0 4 _aتاريخ
650 0 4 _aالحضارة العربية الاسلامية - المعارف البحرية
650 0 4 _aالانساب العربية
650 0 4 _aالعرب
650 0 4 _aالقبائل العربية
650 0 4 _aالبدو
650 0 4 _aالحضارة العراقية
650 0 4 _aالادب العربى - العصر الجاهلى
942 _2ddc
_cBK
999 _c34043
_d34043